| 000 | 00355nam a22001337a 4500 | ||
|---|---|---|---|
| 003 | OSt | ||
| 005 | 20160223113011.0 | ||
| 008 | 160223b xxu||||| |||| 00| 0 eng d | ||
| 040 | _cN/A | ||
| 100 | _aKenneth C laudon / Jane Price Laudon | ||
| 245 | _aManagement Information Systems | ||
| 260 | _c1996 | ||
| 942 |
_2lcc _cBK _hT58.6 _i.L3761996 |
||
| 999 |
_c252536 _d252535 |
||